000 00352pab a2200145 454500
008 180718b2005 xxu||||| |||| 00| 0 eng d
100 _aBose, Tapan Kumar
245 _aGlobal war on `terrorism' and democratic rights
260 _c2005
300 _ap.27-39.
362 _aSpring
650 _aTerrorism
773 _aIIC Quarterly
909 _a64720
999 _c64720
_d64720